| 000 | 00413nam a2200169Ia 4500 | ||
|---|---|---|---|
| 999 |
_c2149 _d2149 |
||
| 003 | OSt | ||
| 005 | 20200118120553.0 | ||
| 008 | 190802s9999 xx 000 0 und d | ||
| 020 | _a978-1-305-07577-1 | ||
| 040 | _cMAJU | ||
| 100 | _aG.Michael Schneider | ||
| 245 | 0 | _aInvitation to Computer Science | |
| 260 |
_aIndia _bMcGraw Hill _c2016 |
||
| 300 | _a887:P | ||
| 650 | _2Computer Science | ||
| 942 |
_cBK _2ddc |
||